000 01224cam a2200133 4500500
005 20251214001929.0
041 _afre
042 _adc
100 1 0 _aHugeux, Vincent
_eauthor
245 0 0 _aL'Afrique en face : Dix clichés à l'épreuve des faits
260 _bArmand Colin,
_c2010.
520 _aSommet Afrique-France, Mondial de football sud-africain, Cinquantenaire des indépendances… ces trois rendez-vous, riches de symboles, adressent au continent noir la même question : où vas-tu et dans quel état ? Conflits armés, pandémies, corruption, despotisme, péril climatique… Autant de fardeaux dont il serait absurde de nier le poids écrasant. Mais tous les stéréotypes véhiculés par un Occident cultivant l’ignorance, le fatalisme ou le mépris sont plus néfastes encore, car ils entravent tout espoir de changement. Il est plus que temps de regarder « l’Afrique en face », sans nostalgie ni culpabilité post-coloniale. Sans complaisance ni acharnement. À rebours de l’optimisme béat comme du pessimisme stérile, un plaidoyer pour l’« afro-réalisme » s’impose.
856 4 1 _uhttps://shs.cairn.info/l-afrique-en-face--9782200248680?lang=fr&redirect-ssocas=7080
999 _c1566582
_d1566582